Fishes of Malaysia.
| Other Authors: | |
|---|---|
| Format: | Book |
| Published: |
Kuala Terengganu:
Univesiti Malaysia Terengganu,
2012.
|
| Edition: | 2nd ed.. |
| Subjects: |
| LEADER | 00528cam a2200181 7i4500 | ||
|---|---|---|---|
| 001 | 0000029715 | ||
| 005 | 20220119090000.0 | ||
| 020 | 0 | 0 | |a 9789675266963 |
| 090 | 0 | 0 | |a M 597.09595 |b FIS |
| 245 | 0 | 0 | |a Fishes of Malaysia. |
| 250 | 0 | 0 | |a 2nd ed.. |
| 260 | 0 | 0 | |a Kuala Terengganu: |b Univesiti Malaysia Terengganu, |c 2012. |
| 300 | # | # | |a 301 p. |
| 650 | 0 | 0 | |a Marine fishes -- |z Malaysia |
| 650 | 0 | 0 | |a Freshwater fishes -- |z Malaysia |
| 651 | 0 | 0 | |a Malaysia |
| 700 | 1 | 0 | |a Mohd Azmi Ambak |
| 999 | |a B000032968 |b Book |c Countries |e Business Information Centre | ||